[Event "Hazel Park (MCO/6/23)"]
[Site "?"]
[Date "1987.??.??"]
[Round "?"]
[White "Proszkow, T.."]
[Black "DeJongh, John"]
[Result "1-0"]
[WhiteElo "1795"]
[BlackElo "1700"]
[PlyCount "93"]
[EventDate "1987.??.??"]

{6/(23)} 1. c4 c5 2. Nf3 Nf6 3. g3 Nc6 4. Bg2 d6 5. O-O e5 6. Nc3 Be6 7. d3 Be7
8. h3 O-O 9. Ng5 Qd7 10. Nxe6 fxe6 11. Qa4 Rab8 12. Bd2 d5 13. cxd5 exd5 14.
Rac1 b5 15. Qd1 d4 16. Nb1 Qe6 17. b3 Rbc8 18. Bg5 h6 19. Bxf6 Rxf6 20. Nd2 Nb4
21. Ra1 Nd5 22. Ne4 Rff8 23. Rc1 Nf6 24. Nd2 Nh7 25. Rc2 Ng5 26. Kh2 Bd6 27. h4
Nh7 28. Bh3 Qf6 29. Ne4 Qe7 30. Bxc8 Rxc8 31. Nxd6 Qxd6 32. f4 Nf6 33. e4 dxe3
34. fxe5 Qxe5 35. d4 Qe4 36. Rf4 Qd5 37. Rxf6 Re8 38. Rf4 cxd4 39. Qd3 a6 40.
Re2 h5 41. Rxd4 Qf3 42. Rf4 Qc6 43. Rxe3 Rxe3 44. Qxe3 a5 45. Qf3 Qc5 46. Rf5
Qc7 47. Qd5+ 1-0

[Event "Lansing (MI Op/3/37)"]
[Site "?"]
[Date "1987.??.??"]
[Round "?"]
[White "Profit, Brian"]
[Black "Sanborn, Richard"]
[Result "1/2-1/2"]
[WhiteElo "1815"]
[BlackElo "1800"]
[PlyCount "52"]
[EventDate "1987.??.??"]

{3/(37)} 1. d4 Nf6 2. c4 e6 3. Nf3 Bb4+ 4. Bd2 Bxd2+ 5. Qxd2 d5 6. Nc3 Nbd7 7.
e3 c6 8. Bd3 dxc4 9. Bxc4 O-O 10. O-O Qc7 11. e4 e5 12. d5 cxd5 13. Bxd5 Nb6
14. Rac1 Qe7 15. Rfd1 Bg4 16. Qe3 Rfd8 17. h3 Bxf3 18. Qxf3 Rd7 19. Bb3 a6 20.
Rxd7 Nbxd7 21. Nd5 Nxd5 22. Bxd5 Nb6 23. Qb3 Nxd5 24. Qxd5 Rd8 25. Qc5 Kf8 26.
Qb6 f6 1/2-1/2

[Event "Lansing (MI Op/1b/16)"]
[Site "?"]
[Date "1987.??.??"]
[Round "?"]
[White "Profit, Brian"]
[Black "Levine, H.."]
[Result "0-1"]
[WhiteElo "1815"]
[BlackElo "2065"]
[PlyCount "30"]
[EventDate "1987.??.??"]

1. d4 Nf6 2. c4 g6 3. Nc3 d5 4. Nf3 Bg7 5. Qb3 dxc4 6. Qxc4 O-O 7. e4 Bg4 8.
Be2 Nfd7 9. Bf4 Nc6 10. Rd1 Nb6 11. Qc5 Bxf3 12. Bxf3 Bxd4 13. Qa3 e5 14. Bh6
Qh4 15. Rxd4 Nxd4 0-1

[Event "Lansing (MI Op/6/31)"]
[Site "?"]
[Date "1987.??.??"]
[Round "?"]
[White "Profit, Brian"]
[Black "Levadi, David"]
[Result "0-1"]
[WhiteElo "1815"]
[BlackElo "1810"]
[PlyCount "78"]
[EventDate "1987.??.??"]

{6/(31)} 1. d4 d5 2. c4 Nf6 3. Nc3 c5 4. cxd5 Nxd5 5. e4 Nxc3 6. bxc3 g6 7. Bc4
Bg7 8. Ne2 O-O 9. O-O Nd7 10. Be3 Qa5 11. Rb1 a6 12. a4 Rb8 13. Qc2 Nb6 14. Bb3
c4 15. Ba2 Bd7 16. Rb4 Bxa4 17. Qb2 Bb5 18. Ra1 Na4 19. Qa3 Rfc8 20. Bb1 Bd7
21. Rxa4 Qh5 22. f3 Bxa4 23. Qxa4 Bh6 24. Bf2 Rc6 25. Bc2 b5 26. Qb4 Bf8 27.
Qb1 e6 28. d5 exd5 29. exd5 Rcc8 30. Rxa6 Qxd5 31. Bg3 Bc5+ 32. Kf1 Rb6 33.
Rxb6 Bxb6 34. Be4 Qc5 35. Qb4 Rd8 36. Ke1 Qe3 37. Qb2 f5 38. Bb1 f4 39. Bh4 g5
0-1

[Event "Lansing (MI Op/7/31)"]
[Site "?"]
[Date "1987.??.??"]
[Round "?"]
[White "Profit, Brian"]
[Black "Halstead, Kevin"]
[Result "1/2-1/2"]
[WhiteElo "1815"]
[BlackElo "1805"]
[PlyCount "47"]
[EventDate "1987.??.??"]

{7/(31)} 1. d4 d5 2. c4 c6 3. Nc3 Bf5 4. cxd5 cxd5 5. Nf3 h6 6. Bf4 e6 7. e3
Nf6 8. Rc1 Be7 9. Be2 O-O 10. O-O Nh5 11. Bg3 Nxg3 12. hxg3 a6 13. Qb3 b5 14.
a3 Nd7 15. Qa2 Nb6 16. b3 Bd6 17. a4 b4 18. Nd1 a5 19. Nb2 Nd7 20. Bd3 Bxd3 21.
Nxd3 Qb6 22. Rc2 Rfc8 23. Rfc1 Qb7 24. Qb2 1/2-1/2

[Event "Allendale (MI Am/2/16)"]
[Site "?"]
[Date "1987.??.??"]
[Round "?"]
[White "Pointer, Gilbert"]
[Black "Russell, K.."]
[Result "1-0"]
[WhiteElo "1605"]
[BlackElo "1605"]
[PlyCount "123"]
[EventDate "1987.??.??"]

{2/(16)} 1. c4 e5 2. Nc3 Nf6 3. Nf3 Nc6 4. d4 d6 5. g3 Bf5 6. Bg2 Ne4 7. Nxe4
Bxe4 8. O-O g6 9. Qa4 exd4 10. Nxd4 Bxg2 11. Kxg2 Bg7 12. Nxc6 Qd7 13. Be3
Qxc6+ 14. Qxc6+ bxc6 15. Rab1 d5 16. c5 Rb8 17. b3 O-O 18. Bf4 Rb7 19. a4 Re8
20. Rfe1 Bd4 21. b4 Bc3 22. Rec1 Bxb4 23. Rc2 Re4 24. Rcb2 a5 25. Bh6 f6 26. h4
Rb8 27. Bf4 Rbe8 28. e3 Bc3 29. Rb7 Rxa4 30. Rxc7 Be5 31. Bxe5 fxe5 32. Rbb7
Rb4 33. Rg7+ Kh8 34. Rxh7+ Kg8 35. Rbg7+ Kf8 36. Ra7 Kg8 37. Rhg7+ Kh8 38. Rxg6
Rc8 39. Rxa5 Kh7 40. Rd6 Rb5 41. Rxc6 Rxc6 42. Rxb5 d4 43. exd4 exd4 44. Rb7+
Kg8 45. Rd7 Rxc5 46. Rxd4 Kf7 47. Rd6 Rc2 48. Kf3 Ke7 49. Ra6 Rc3+ 50. Kg4 Rc4+
51. f4 Kf7 52. Kg5 Kg7 53. g4 Kh7 54. h5 Rc5+ 55. f5 Rc7 56. h6 Kh8 57. Kg6 Rc8
58. h7 Rf8 59. f6 Rd8 60. Re6 Rf8 61. f7 Rxf7 62. Re8+ 1-0

[Event "Allendale (MI Am/4/15)"]
[Site "?"]
[Date "1987.??.??"]
[Round "?"]
[White "Pointer, Gilbert"]
[Black "Rosenberg, Steve"]
[Result "1-0"]
[WhiteElo "1605"]
[BlackElo "1605"]
[PlyCount "57"]
[EventDate "1987.??.??"]

{4/(15)} 1. c4 c5 2. Nc3 Nc6 3. Nf3 Nf6 4. d4 d5 5. Bf4 Bf5 6. Nb5 Rc8 7. Qa4
a6 8. Na7 Ra8 9. Nxc6 bxc6 10. Rd1 Qb6 11. dxc5 Qxc5 12. Ne5 Ne4 13. Be3 Qd6
14. Rxd5 Qc7 15. Nxf7 e6 16. Rxf5 exf5 17. Nxh8 Rb8 18. Bd4 Bb4+ 19. Kd1 Nxf2+
20. Bxf2 Qd6+ 21. Kc2 Qd2+ 22. Kb1 Ba3 23. Qxc6+ Ke7 24. Bc5+ Bxc5 25. Qxc5+
Kf6 26. Qc6+ Ke7 27. Qc7+ Ke6 28. Qf7+ Kd6 29. Qd5+ 1-0

[Event "Hazel Park (MCO/2/36)"]
[Site "?"]
[Date "1987.??.??"]
[Round "?"]
[White "Pentescu, S.."]
[Black "Williams, C.."]
[Result "1-0"]
[WhiteElo "1700"]
[BlackElo "1605"]
[PlyCount "61"]
[EventDate "1987.??.??"]

{2/(36)} 1. Nf3 f5 2. g3 g6 3. Bg2 Bg7 4. d4 d6 5. c4 Nf6 6. Nc3 O-O 7. O-O Nc6
8. d5 Ne5 9. Qb3 Nf7 10. e3 a6 11. Nd4 e5 12. dxe6 Ng5 13. Bxb7 Nh3+ 14. Kg2
Bxb7+ 15. Qxb7 Ng4 16. Kxh3 Qg5 17. Kg2 Bxd4 18. exd4 f4 19. Bxf4 Qh5 20. h3
Rab8 21. hxg4 Qxg4 22. f3 Qf5 23. Qe4 Rxb2+ 24. Rf2 Rxf2+ 25. Kxf2 Qh3 26. e7
Rb8 27. e8=Q+ Rxe8 28. Qxe8+ Kg7 29. Qe7+ Kg8 30. g4 h6 31. Ne4 1-0

[Event "Hazel Park (MCO/6/7)"]
[Site "?"]
[Date "1987.??.??"]
[Round "?"]
[White "Pentescu, S.."]
[Black "Thompson, Dexter"]
[Result "1-0"]
[WhiteElo "1700"]
[BlackElo "2300"]
[PlyCount "120"]
[EventDate "1987.??.??"]

{6/(7)} 1. Nf3 d5 2. g3 c5 3. Bg2 Nf6 4. O-O Nc6 5. d4 e6 6. c3 cxd4 7. Nxd4
Bd7 8. Nd2 Nxd4 9. cxd4 Rc8 10. Nb3 Qb6 11. Bd2 Bd6 12. Bc3 Ba4 13. Qd3 Bxb3
14. axb3 a6 15. Bd2 O-O 16. Rfc1 Bb4 17. Bxb4 Qxb4 18. Rc3 Ne4 19. Bxe4 dxe4
20. Qc2 Rcd8 21. e3 f5 22. Ra4 Qb5 23. Rac4 Rd7 24. Rc7 Rfd8 25. R3c5 Rxc7 26.
Rxc7 Rd7 27. Rc5 Qb6 28. Qc4 h5 29. Rxf5 g6 30. Rf6 Re7 31. Rxg6+ Kf7 32. Rh6
Kg7 33. Rxh5 Rc7 34. Rc5 Rf7 35. Re5 Rf6 36. b4 Qd6 37. Qc5 Qd7 38. Rxe4 Rf5
39. Re5 b6 40. Qc2 Rxe5 41. dxe5 Qb5 42. Qe4 a5 43. bxa5 bxa5 44. Qg4+ Kf7 45.
Qh5+ Ke7 46. Qh7+ Kd8 47. Qg8+ Kc7 48. Qf7+ Kb8 49. Qf8+ Kb7 50. Qe7+ Kb8 51.
Qd6+ Kb7 52. Qd4 a4 53. h4 Ka6 54. h5 Qe8 55. h6 Qg6 56. Qxa4+ Kb6 57. Qf4 Qh5
58. Qh4 Qd1+ 59. Kg2 Qd5+ 60. e4 Qxe5 1-0

[Event "Hazel Park (MCO/5/11)"]
[Site "?"]
[Date "1987.??.??"]
[Round "?"]
[White "Pentescu, S.."]
[Black "Moody, David"]
[Result "1-0"]
[WhiteElo "1700"]
[BlackElo "1995"]
[PlyCount "31"]
[EventDate "1987.??.??"]

{5/(11)} 1. Nf3 d6 2. d4 g6 3. g3 Bg7 4. Bg2 Nf6 5. c4 c5 6. O-O O-O 7. Nc3
Nbd7 8. b3 cxd4 9. Nxd4 a6 10. Bb2 Nc5 11. h3 Rb8 12. Kh2 Be6 13. Rc1 Qd7 14.
b4 Bxc4 15. bxc5 dxc5 16. Nb3 1-0

[Event "Hazel Park (MCO/3/37)"]
[Site "?"]
[Date "1987.??.??"]
[Round "?"]
[White "Peak, F.."]
[Black "Jonik, Henry"]
[Result "1-0"]
[WhiteElo "1605"]
[BlackElo "1710"]
[PlyCount "109"]
[EventDate "1987.??.??"]

{3/(37)} 1. c4 g5 2. d4 h6 3. Nc3 e6 4. e4 Bg7 5. f4 gxf4 6. Bxf4 Ne7 7. Nf3
Ng6 8. Be3 a6 9. a4 d6 10. Bd3 Nd7 11. Qd2 Nf6 12. O-O-O Ng4 13. Bg1 e5 14. h3
exd4 15. Nxd4 N4e5 16. Be2 Qh4 17. Nd5 Qd8 18. Nf5 Bxf5 19. exf5 Nf8 20. Bd4
Nfd7 21. h4 Rc8 22. a5 c6 23. Nf4 b5 24. Rde1 O-O 25. Nh5 c5 26. Nxg7 Kxg7 27.
Be3 Qf6 28. g4 Rh8 29. g5 Qxf5 30. gxh6+ Kh7 31. Qxd6 Rc6 32. Qd2 Rg8 33. Rhg1
Rcg6 34. cxb5 axb5 35. Bxb5 Nf3 36. Qxd7 Qxd7 37. Bxd7 Nxe1 38. Rxe1 Rf6 39.
Bxc5 Kxh6 40. Re8 Rf1+ 41. Kc2 Rf2+ 42. Kc3 Rf3+ 43. Re3 Rf4 44. a6 Rg6 45. Bb5
Rf5 46. b4 Rf2 47. a7 Ra2 48. Kb3 Ra1 49. Ba4 Ra6 50. Bb5 R6a3+ 51. Kc4 Rc1+
52. Kd5 Rxc5+ 53. bxc5 Rxa7 54. c6 f5 55. Kd6 1-0

[Event "Hazel Park (MCO/5/21)"]
[Site "?"]
[Date "1987.??.??"]
[Round "?"]
[White "Peak, F.."]
[Black "Eagle, Chris"]
[Result "0-1"]
[WhiteElo "1605"]
[BlackElo "1975"]
[PlyCount "76"]
[EventDate "1987.??.??"]

{5/(21)} 1. c4 g6 2. Nc3 Bg7 3. d4 c5 4. d5 d6 5. e4 Nf6 6. f3 Bd7 7. a4 Na6 8.
Bd3 Nb4 9. Bb1 b6 10. Nge2 a6 11. O-O b5 12. axb5 axb5 13. Rxa8 Qxa8 14. cxb5
Qb7 15. f4 O-O 16. f5 Bxb5 17. Nxb5 Qxb5 18. Nc3 Qb6 19. Be3 Nd7 20. Qd2 Ne5
21. b3 Ng4 22. Kh1 Nxe3 23. Qxe3 Na6 24. Ne2 Nb8 25. h4 Nd7 26. Qg5 Bf6 27. Qg3
Ne5 28. Nf4 Qb5 29. Re1 Qb4 30. Rf1 Qd2 31. Nh5 Bh8 32. fxg6 hxg6 33. Kh2 Qe2
34. Rf5 Kh7 35. Nf4 Ng4+ 36. Kh3 Nf2+ 37. Kh2 Qf1 38. Qf3 Qxb1 0-1

[Event "Lansing (MI Op/2/34)"]
[Site "?"]
[Date "1987.??.??"]
[Round "?"]
[White "Owens, James"]
[Black "Raftshol, W.."]
[Result "0-1"]
[WhiteElo "1910"]
[BlackElo "1795"]
[PlyCount "78"]
[EventDate "1987.??.??"]

{2/(34)} 1. e4 c5 2. Nf3 d6 3. d4 cxd4 4. Nxd4 Nf6 5. Nc3 g6 6. Be3 Bg7 7. Bc4
O-O 8. f3 Nc6 9. Qd2 e6 10. O-O-O d5 11. exd5 Na5 12. Be2 exd5 13. Nb3 Nxb3+
14. cxb3 Bf5 15. g4 Be6 16. Kb1 Qc7 17. Bd4 a6 18. Rhe1 Rfd8 19. Bd3 Qd6 20.
Bc2 b5 21. h3 Rac8 22. f4 b4 23. Na4 Ne4 24. Qe3 f5 25. Bxg7 Rxc2 26. Kxc2 Kxg7
27. Qb6 fxg4 28. Qd4+ Kg8 29. hxg4 Bxg4 30. Rc1 Bf5 31. Kd1 Qxf4 32. Qe3 Qxe3
33. Rxe3 d4 34. Re1 Bg4+ 35. Kc2 d3+ 36. Kb1 d2 37. Rxe4 Bf5 38. Rf1 Bxe4+ 39.
Ka1 Bc2 0-1

[Event "Lansing (MI Op/6/25)"]
[Site "?"]
[Date "1987.??.??"]
[Round "?"]
[White "Owens, James"]
[Black "Harrold, Alvin"]
[Result "1-0"]
[WhiteElo "1910"]
[BlackElo "1860"]
[PlyCount "89"]
[EventDate "1987.??.??"]

{6/(25)} 1. e4 e6 2. d4 d5 3. Nc3 Bb4 4. a3 Bxc3+ 5. bxc3 dxe4 6. Qg4 f5 7.
Qxg7 Qf6 8. Qg3 Ne7 9. Qxc7 Nbc6 10. Bb5 Rg8 11. g3 Bd7 12. Qxb7 Rb8 13. Qa6
Rb6 14. Qa4 Kf7 15. Ne2 Rgb8 16. Bxc6 Nxc6 17. Qc4 Na5 18. Qc7 R8b7 19. Qf4 Ba4
20. O-O Bxc2 21. Qh6 Qxh6 22. Bxh6 Bd3 23. Rfe1 e5 24. Be3 Nc4 25. dxe5 Nxe3
26. fxe3 Bxe2 27. Rxe2 Rb1+ 28. Rxb1 Rxb1+ 29. Kg2 Ra1 30. Rc2 Rxa3 31. c4 Ra6
32. g4 Ke6 33. g5 Kxe5 34. Kg3 h6 35. c5 Rc6 36. gxh6 Rxh6 37. c6 Rh8 38. c7
Rc8 39. h4 Kd6 40. h5 a5 41. h6 Kd7 42. h7 f4+ 43. Kxf4 Rf8+ 44. Kxe4 Kc8 45.
Rg2 1-0

[Event "Lansing (MI Op/4/38)"]
[Site "?"]
[Date "1987.??.??"]
[Round "?"]
[White "Owens, James"]
[Black "Halstead, Kevin"]
[Result "1-0"]
[WhiteElo "1910"]
[BlackElo "1805"]
[PlyCount "45"]
[EventDate "1987.??.??"]

{4/(38)} 1. e4 c5 2. Nf3 d6 3. d4 cxd4 4. Nxd4 Nf6 5. Nc3 g6 6. Be3 Bg7 7. f3
Nc6 8. Qd2 Nxd4 9. Bxd4 O-O 10. O-O-O a6 11. g4 Be6 12. h4 b5 13. h5 h6 14.
hxg6 fxg6 15. Rxh6 Bxh6 16. Qxh6 Kf7 17. Bxf6 Kxf6 18. e5+ Kf7 19. Bd3 Rg8 20.
Qh7+ Ke8 21. Bxg6+ Kf8 22. Qh6+ Rg7 23. Be4 1-0

[Event "Lansing (MI Op/2/5)"]
[Site "?"]
[Date "1987.??.??"]
[Round "?"]
[White "Noren, Kevin"]
[Black "Smith, Michael R"]
[Result "1-0"]
[WhiteElo "2205"]
[BlackElo "2010"]
[PlyCount "55"]
[EventDate "1987.??.??"]

{2/(5)} 1. Nf3 Nf6 2. d4 e6 3. Nbd2 d5 4. e3 c5 5. a3 Nc6 6. dxc5 Bxc5 7. b4
Be7 8. Bb2 O-O 9. Bd3 Nd7 10. c4 Bf6 11. Qc2 g6 12. O-O Nde5 13. Be2 dxc4 14.
Nxc4 Nxc4 15. Bxc4 Bg7 16. Rfd1 Qe7 17. Bxg7 Kxg7 18. b5 Nb8 19. Qc3+ Kg8 20.
Be2 b6 21. Ne5 Bb7 22. Rac1 Rc8 23. Qxc8+ Bxc8 24. Rxc8+ Kg7 25. Rdd8 Qxa3 26.
Ng4 Qa1+ 27. Bf1 f5 28. Rc7+ 1-0

[Event "East Detroit (MEX/2)"]
[Site "?"]
[Date "1987.??.??"]
[Round "?"]
[White "Noren, Kevin"]
[Black "Robison, B.."]
[Result "1/2-1/2"]
[WhiteElo "2185"]
[BlackElo "2045"]
[PlyCount "49"]
[EventDate "1987.??.??"]

1. Nf3 Nf6 2. d4 d5 3. c4 e6 4. Nc3 Be7 5. Bg5 O-O 6. e3 c6 7. Qc2 a6 8. cxd5
cxd5 9. Bd3 h6 10. Bf4 Nbd7 11. h3 b5 12. O-O Bb7 13. Ne5 Rc8 14. a3 Ne4 15.
Bxe4 dxe4 16. Rac1 Nf6 17. Qe2 Qb6 18. g4 g5 19. Bg3 Rfd8 20. f4 exf3 21. Nxf3
Ne4 22. Nxe4 Bxe4 23. Ne5 f6 24. Nd3 Kg7 25. b4 1/2-1/2

[Event "Hazel Park (MCO/1/4)"]
[Site "?"]
[Date "1987.??.??"]
[Round "?"]
[White "Noren, Kevin"]
[Black "Roberts, Kenneth"]
[Result "1-0"]
[WhiteElo "2240"]
[BlackElo "1700"]
[PlyCount "59"]
[EventDate "1987.??.??"]

{1/(4)} 1. e4 e6 2. e5 d5 3. exd6 Bxd6 4. d4 Nf6 5. Nf3 Nbd7 6. Bc4 Nb6 7. Bd3
O-O 8. O-O c5 9. dxc5 Bxc5 10. Qe2 Qc7 11. a3 h6 12. c4 a5 13. Nc3 Bd7 14. Ne4
Nxe4 15. Qxe4 f5 16. Qh4 Bc6 17. Bf4 Qf7 18. Ne5 Be7 19. Qg3 Qf6 20. Ng6 Kh7
21. Nxf8+ Rxf8 22. Be5 Qf7 23. Rfe1 Nd7 24. Bc3 h5 25. Rxe6 g5 26. Bxf5+ Qxf5
27. Rxe7+ Kh6 28. Bg7+ Kg6 29. Bxf8 Qxf8 30. Qd3+ 1-0

[Event "Hazel Park (MCO/3/3)"]
[Site "?"]
[Date "1987.??.??"]
[Round "?"]
[White "Noren, Kevin"]
[Black "Mooney, E.."]
[Result "1/2-1/2"]
[WhiteElo "2240"]
[BlackElo "1975"]
[PlyCount "110"]
[EventDate "1987.??.??"]

{3/(3)} 1. d4 Nf6 2. Nf3 e6 3. Nbd2 d5 4. e3 c5 5. a3 Nc6 6. dxc5 Bxc5 7. b4
Bd6 8. Bb2 a6 9. c4 O-O 10. Bd3 Re8 11. O-O e5 12. cxd5 Nxd5 13. Qc2 Nf6 14.
Ng5 h6 15. Nge4 Nxe4 16. Nxe4 Bf8 17. Rfd1 Qe7 18. Nd6 Rd8 19. Nxc8 Raxc8 20.
Bh7+ Kh8 21. Bf5 Nxb4 22. Qb3 Rxd1+ 23. Rxd1 Rd8 24. Rxd8 Qxd8 25. axb4 Bxb4
26. g3 Qe7 27. Qd5 f6 28. Bc2 a5 29. Bb3 Kh7 30. h4 h5 31. Qe4+ g6 32. Bc2 Qf7
33. g4 hxg4 34. h5 f5 35. hxg6+ Kxg6 36. Qxg4+ Kh6 37. Bxf5 Qg7 38. Qxg7+ Kxg7
39. Bxe5+ Kf7 40. Bd7 Ke7 41. Bb5 Ke6 42. f4 Kd5 43. Bd4 Bc5 44. f5 Bxd4 45.
exd4 Kxd4 46. f6 Kc5 47. Be8 Kd6 48. Kf2 Ke6 49. f7 Ke7 50. Ke2 b5 51. Kd2 b4
52. Kc2 a4 53. Kd3 a3 54. Kc2 Kf8 55. Kb3 Ke7 1/2-1/2

[Event "Lansing (MI Op/4/2)"]
[Site "?"]
[Date "1987.??.??"]
[Round "?"]
[White "Noren, Kevin"]
[Black "Kitts, Gary"]
[Result "1-0"]
[WhiteElo "2205"]
[BlackElo "2090"]
[PlyCount "83"]
[EventDate "1987.??.??"]

{4/(2)} 1. c4 Nf6 2. Nc3 g6 3. e4 d6 4. d4 Bg7 5. Nf3 O-O 6. h3 e5 7. d5 Nbd7
8. Be3 h6 9. g4 Ne8 10. Bd3 Nc5 11. Bc2 f5 12. exf5 gxf5 13. gxf5 Bxf5 14. Bxf5
Rxf5 15. Bxc5 dxc5 16. Ne4 Nd6 17. Nfd2 Qh4 18. Qg4 Qxg4 19. hxg4 Rf4 20. Nxc5
Rxg4 21. Ne6 Rc8 22. f3 Rg6 23. O-O-O c6 24. Rhg1 Rxe6 25. dxe6 Re8 26. Ne4
Nxe4 27. fxe4 Kh8 28. Rd7 Bf6 29. Rg6 Rxe6 30. Rxh6+ Kg8 31. Kc2 Re7 32. Rxe7
Bxe7 33. Re6 Kf7 34. Rxe5 Bf6 35. Rf5 Ke6 36. Rxf6+ Kxf6 37. Kd3 c5 38. a3 b6
39. Ke3 Ke5 40. b3 a6 41. a4 a5 42. Kf3 1-0

[Event "Lansing (MI Op/7/2)"]
[Site "?"]
[Date "1987.??.??"]
[Round "?"]
[White "Noren, Kevin"]
[Black "Finegold, Ron"]
[Result "1/2-1/2"]
[WhiteElo "2205"]
[BlackElo "2170"]
[PlyCount "28"]
[EventDate "1987.??.??"]

{7/(2)} 1. e4 e5 2. Nf3 Nc6 3. Nc3 Nf6 4. Bb5 d6 5. d4 exd4 6. Nxd4 Bd7 7. O-O
Be7 8. Re1 O-O 9. Bf1 Nxd4 10. Qxd4 Bc6 11. g3 Re8 12. Bg2 Nd7 13. Nd5 Bf6 14.
Nxf6+ Qxf6 1/2-1/2

[Event "East Detroit (MEX/3)"]
[Site "?"]
[Date "1987.??.??"]
[Round "?"]
[White "Noren, Kevin"]
[Black "Everett, Morgan"]
[Result "1-0"]
[WhiteElo "2185"]
[BlackElo "2010"]
[PlyCount "83"]
[EventDate "1987.??.??"]

1. d4 Nf6 2. c4 e6 3. Nc3 c5 4. e3 d5 5. Nf3 Nc6 6. cxd5 exd5 7. Be2 Be7 8. O-O
O-O 9. dxc5 Bxc5 10. b3 Bf5 11. Bb2 Rc8 12. Rc1 Be7 13. Nd4 Bg6 14. Na4 Ne4 15.
f3 Nd6 16. Nxc6 bxc6 17. Bd4 Nf5 18. Qd2 Ba3 19. Rcd1 Qe7 20. Ba6 Rc7 21. Rfe1
Bb4 22. Bc3 Bd6 23. Bd3 Nh4 24. f4 Be4 25. Bxe4 Qxe4 26. Qf2 Qe7 27. e4 dxe4
28. Rxd6 Qxd6 29. Be5 Qg6 30. Bxc7 Nf3+ 31. Kh1 Nxe1 32. Qxe1 Re8 33. Qe3 Qg4
34. Nc3 h6 35. Kg1 Re6 36. h3 Qg6 37. Ne2 c5 38. Nc3 h5 39. Nd5 Qf5 40. Qxc5
Kh7 41. Be5 Rg6 42. Ne7 1-0

[Event "Hazel Park (MCO/4/5)"]
[Site "?"]
[Date "1987.??.??"]
[Round "?"]
[White "Noren, Kevin"]
[Black "Bauerle, Paul"]
[Result "1-0"]
[WhiteElo "2240"]
[BlackElo "2045"]
[PlyCount "67"]
[EventDate "1987.??.??"]

{4/(5)} 1. d4 Nf6 2. c4 g6 3. Nc3 Bg7 4. e4 d6 5. Nf3 O-O 6. h3 c5 7. d5 e6 8.
Bd3 exd5 9. exd5 Re8+ 10. Be3 Nbd7 11. O-O a6 12. Qd2 Ne5 13. Nxe5 Rxe5 14. Bf4
Re8 15. Rae1 Qc7 16. Rxe8+ Nxe8 17. Re1 Nf6 18. Bg5 Bd7 19. Re2 Re8 20. Rxe8+
Bxe8 21. Qf4 Nh5 22. Qe3 Kf8 23. g4 Bd4 24. Qf3 Ng7 25. Ne4 Bd7 26. Nf6 Bxf6
27. Qxf6 Kg8 28. Bh6 Ne8 29. Qe7 Ng7 30. Bf5 gxf5 31. Qg5 Kf8 32. Qxg7+ Ke7 33.
Bg5+ Ke8 34. Qg8# 1-0

[Event "Lansing (MI Op/5/1)"]
[Site "?"]
[Date "1987.??.??"]
[Round "?"]
[White "Noren, Kevin"]
[Black "Andrews, Steve"]
[Result "1-0"]
[WhiteElo "2205"]
[BlackElo "2245"]
[PlyCount "71"]
[EventDate "1987.??.??"]

{5/(1)} 1. e4 Nf6 2. e5 Nd5 3. d4 d6 4. c4 Nb6 5. exd6 cxd6 6. Nc3 g6 7. Bd3
Bg7 8. Be3 Nc6 9. Nge2 O-O 10. O-O Nb4 11. b3 Nxd3 12. Qxd3 e5 13. d5 Nd7 14.
Rac1 f5 15. f4 b6 16. g3 Qe7 17. b4 Ba6 18. Nb5 Bxb5 19. cxb5 Rac8 20. Qd2 Nf6
21. Rc6 Ng4 22. Rfc1 Rxc6 23. dxc6 Nf6 24. Nc3 Qe6 25. Rd1 Qc4 26. Qd3 Qxd3 27.
Rxd3 Ne8 28. Nd5 e4 29. Rd2 Rf7 30. a4 Nc7 31. Nxc7 Rxc7 32. Rxd6 Bc3 33. Rd7
Rxd7 34. cxd7 Bf6 35. a5 Bd8 36. Bxb6 1-0

[Event "Lansing (MI Op/1a/9)"]
[Site "?"]
[Date "1987.??.??"]
[Round "?"]
[White "Norcross, John"]
[Black "Stefanski, Mark"]
[Result "1/2-1/2"]
[WhiteElo "2115"]
[BlackElo "1825"]
[PlyCount "83"]
[EventDate "1987.??.??"]

1. e4 e6 2. Nc3 d5 3. Nf3 b6 4. d4 Bb4 5. Bd3 Ba6 6. O-O Bxc3 7. bxc3 dxe4 8.
Bxa6 exf3 9. Bb7 fxg2 10. Re1 Nd7 11. Bxa8 Qxa8 12. d5 e5 13. Ba3 h5 14. Qf3
Rh6 15. Rad1 Qb7 16. c4 c5 17. Bb2 f6 18. Qh3 Ne7 19. Bc1 g5 20. Qe6 Nf8 21.
Qh3 Qd7 22. Qxg2 Nfg6 23. d6 Nf5 24. Qd5 Nfh4 25. Re4 Nf3+ 26. Kh1 Rh8 27. Rf4
gxf4 28. Qxf3 Kf7 29. Qd5+ Kg7 30. Rg1 Kh6 31. Qd3 Rg8 32. Qd5 Rg7 33. c3 Qb7
34. Rd1 Qxd5+ 35. Rxd5 Rd7 36. a4 a5 37. Kg2 Kg5 38. Kf3 Nh4+ 39. Ke4 Ng2 40.
Ba3 Ne1 41. Bxc5 bxc5 42. Rxc5 {[Remainder illegible; 1/2-1/2, 60?]} 1/2-1/2

[Event "Lansing (MI Op/6/7)"]
[Site "?"]
[Date "1987.??.??"]
[Round "?"]
[White "Norcross, John"]
[Black "Rogers, Bradley"]
[Result "1/2-1/2"]
[WhiteElo "2115"]
[BlackElo "2185"]
[PlyCount "104"]
[EventDate "1987.??.??"]

{6/(7)} 1. e4 e6 2. Nc3 d5 3. Nf3 Nf6 4. e5 Nfd7 5. d4 c5 6. Be3 cxd4 7. Bxd4
a6 8. Be2 Nc6 9. O-O Nxd4 10. Qxd4 g6 11. Nd1 Bg7 12. c4 dxc4 13. Bxc4 O-O 14.
Ne3 b5 15. Be2 Bb7 16. Rfd1 Bxf3 17. Bxf3 Nxe5 18. Qe4 Nxf3+ 19. Qxf3 Qf6 20.
Qxf6 Bxf6 21. Rab1 Rad8 22. Kf1 Rxd1+ 23. Nxd1 Rd8 24. Ke2 Kg7 25. Rc1 Rd4 26.
b3 Bg5 27. Ne3 Rd6 28. Rd1 Rc6 29. g3 Bxe3 30. fxe3 Rc2+ 31. Rd2 Rxd2+ 32. Kxd2
Kf6 33. Kc3 Ke5 34. Kb4 Ke4 35. Ka5 Kxe3 36. Kxa6 e5 37. Kxb5 e4 38. a4 Kd4 39.
a5 e3 40. a6 e2 41. a7 e1=Q 42. a8=Q Qe5+ 43. Ka4 Qe7 44. Qc8 f5 45. Kb5 Qe5+
46. Ka4 Qe2 47. Qd7+ Kc5 48. Qc7+ Kd5 49. Qb7+ Kd6 50. Qb6+ Kd5 51. Qb7+ Kd6
52. Qxh7 Qa2+ 1/2-1/2

[Event "Lansing (MI Op/5/12)"]
[Site "?"]
[Date "1987.??.??"]
[Round "?"]
[White "Norcross, John"]
[Black "Levine, H.."]
[Result "1-0"]
[WhiteElo "2115"]
[BlackElo "2065"]
[PlyCount "79"]
[EventDate "1987.??.??"]

{5/(12)} 1. e4 e6 2. Nc3 c5 3. Nf3 Nc6 4. d4 cxd4 5. Nxd4 Qc7 6. Ndb5 Qb8 7.
Be3 a6 8. Nd4 Bb4 9. Bd3 Nf6 10. O-O O-O 11. a3 Bxc3 12. bxc3 d5 13. f3 h6 14.
Qd2 Ne7 15. Rab1 Qc7 16. Rfe1 Ng6 17. e5 Nxe5 18. Bf4 Nfd7 19. Qe3 f6 20. Nxe6
Qd6 21. Nxf8 Qxf8 22. Bf5 Nc4 23. Qd3 Ndb6 24. Bg6 Bd7 25. Be3 Qxa3 26. Bd4 Qd6
27. f4 a5 28. Qg3 a4 29. Bd3 Be8 30. Qg4 Bf7 31. Qf5 a3 32. Qh7+ Kf8 33. Bf5
Bg8 34. Qh8 Nc8 35. Re6 Qc7 36. Bxf6 N4d6 37. Bh7 Qf7 38. Rbe1 a2 39. Bxg8 Qxg8
40. Bxg7+ 1-0

[Event "Lansing (MI Op/3/10)"]
[Site "?"]
[Date "1987.??.??"]
[Round "?"]
[White "Norcross, John"]
[Black "Golonka, Stan"]
[Result "1-0"]
[WhiteElo "2115"]
[BlackElo "1985"]
[PlyCount "59"]
[EventDate "1987.??.??"]

{3/(10)} 1. e4 c5 2. d4 cxd4 3. c3 dxc3 4. Nxc3 Nc6 5. Nf3 g6 6. Bc4 Bg7 7. O-O
Nf6 8. e5 Ng4 9. Bxf7+ Kxf7 10. Ng5+ Kg8 11. Qxg4 Nxe5 12. Qd1 h6 13. Ne6 Qb6
14. Nxg7 Kxg7 15. Be3 Qe6 16. Bd4 Kh7 17. Re1 d6 18. f4 Qc4 19. b3 Nf3+ 20.
gxf3 Qf7 21. Bxh8 Kxh8 22. Nd5 e6 23. Qd4+ Kh7 24. Nf6+ Kh8 25. Ne8+ Kh7 26.
Nxd6 Qf8 27. Nxc8 Rxc8 28. Rac1 Rd8 29. Rc7+ Kg8 30. Qe4 1-0

[Event "Hazel Park (MCO/6/11)"]
[Site "?"]
[Date "1987.??.??"]
[Round "?"]
[White "Nikolovski, Oliver"]
[Black "Mazuchowski, Tom"]
[Result "0-1"]
[WhiteElo "1940"]
[BlackElo "2120"]
[PlyCount "84"]
[EventDate "1987.??.??"]

{6/(11)} 1. e4 e6 2. d4 d5 3. e5 c5 4. Qg4 h5 5. Qg3 Nh6 6. dxc5 Nf5 7. Qf4
Bxc5 8. Bd3 Nc6 9. Nf3 Qb6 10. O-O Nce7 11. Nc3 Bd7 12. a3 a5 13. Na4 Bxa4 14.
Qxa4+ Kf8 15. c3 Qa7 16. Bg5 Qb8 17. Qb5 Qc7 18. b4 Bb6 19. Bxe7+ Nxe7 20. c4
dxc4 21. Qxc4 Qxc4 22. Bxc4 g6 23. Rfd1 axb4 24. axb4 Rxa1 25. Rxa1 Kg7 26. Rd1
Rc8 27. Bd3 Nd5 28. b5 Nc3 29. Ra1 Rd8 30. Bc2 Rd5 31. h4 Rxb5 32. Bd3 Rb2 33.
Ra8 Nd1 34. Kh2 Nxf2 35. Bc4 Ng4+ 36. Kh3 Ne3 37. Bd3 Nxg2 38. Kg3 Be3 39. Ng5
Bf4+ 40. Kf3 Bxg5 41. hxg5 Ne1+ 42. Ke4 Rb4+ 0-1